Los años del miedo : Medellín 1980-1990 /

Uloženo v:
Podrobná bibliografie
Hlavní autor: Calle, Luis Alirio (autor.)
Médium: E-kniha
Jazyk:španělština
Vydáno: Medellín : Instituto Tecnológico Metropolitano, 2025.
Edice:Colección Litterae.
Témata:
On-line přístup:https://elibro.unach.elogim.com/es/lc/unach/titulos/289148
Tagy: Přidat tag
Žádné tagy, Buďte první, kdo vytvoří štítek k tomuto záznamu!

MARC

LEADER 00000nam a2200000 i 4500
001 ELB289148
003 FINmELB
005 20260122100457.0
006 m o u
007 cr cn|||||||||
008 260122s2025 co ob 000 0 spa d
020 |z 9786287751248 
020 |a 9786287751316  |q (e-book) 
035 |a (OCoLC)1569876035 
040 |a FINmELB  |b spa  |e rda  |c FINmELB 
050 1 4 |a HN310.M4  |b C157 2025 
080 |a 316.624.3(862.122) 
082 0 4 |a 303.609861  |2 23 
100 1 |a Calle, Luis Alirio,  |e autor. 
245 1 4 |a Los años del miedo :  |b Medellín 1980-1990 /  |c Luis Alirio Calle. 
264 1 |a Medellín :  |b Instituto Tecnológico Metropolitano,  |c 2025. 
300 |a 1 recurso en línea (242 páginas) 
336 |a texto  |b txt  |2 rdamedia/spa 
337 |a computadora  |b c  |2 rdamedia/spa 
338 |a recurso en línea  |b cr  |2 rdacarrier/spa 
490 1 |a Colección Litterae 
504 |a Contiene bibliografía. 
588 |a Descripción basada en metadatos suministrados por el editor y otras fuentes. 
590 |a Recurso electrónico. Santa Fe, Arg.: elibro, 2026. Disponible vía World Wide Web. El acceso puede estar limitado para las bibliotecas afiliadas a elibro. 
650 4 |a Violencia  |z Colombia  |z Medellín. 
650 4 |a Conflictos sociales  |z Colombia. 
655 4 |a Libros electrónicos. 
797 2 |a elibro, Corp. 
830 0 |a Colección Litterae. 
856 4 0 |u https://elibro.unach.elogim.com/es/lc/unach/titulos/289148